| 000 | 00798pam a2200229 a 4500 | ||
|---|---|---|---|
| 001 | 1615635 | ||
| 005 | 20180208074042.0 | ||
| 008 | 950515s1995 enk b 001 0 eng | ||
| 010 | _a 95021584 | ||
| 020 | _a1853022667 (pb) | ||
| 040 |
_aDLC _cDLC _dDLC |
||
| 041 | _aeng | ||
| 080 | _a616.8914 ben | ||
| 082 | 0 | 0 |
_a616.8914 ben _220 |
| 100 | 1 | _a3 | |
| 101 | _ashm | ||
| 245 | 1 | 4 |
_aThe listening reader : _cBen Knights. |
| 504 | _aIncludes bibliographical references (p. 160) and indexes. | ||
| 906 |
_a7 _bcbc _corignew _d1 _eocip _f19 _gy-gencatlg |
||
| 942 |
_2ddc _cBK |
||
| 999 |
_c42144 _d42144 |
||